| 000 | 00341nam a2200109 4500 | ||
|---|---|---|---|
| 008 | 160630b xxu||||| |||| 00| 0 eng d | ||
| 100 |
_91508 _a Agarwal, R. L |
||
| 245 | _aA Practical approach to communication in English - IX | ||
| 260 |
_aN.D _bArya _c2005 |
||
| 300 | _aA Practical approach to communication in English - IX | ||
| 942 |
_2ddc _cBK |
||
| 999 |
_c1244 _d1244 |
||